000 01036pam a2200265 a 4500
999 _c2345
_d2345
001 2050817
003 GZU
005 20201028153714.0
008 930216s1993 enk b 001 0 eng
010 _a 93020329
020 _a0435080857 (Heinemann)
040 _aDLC
_cDLC
_dDLC
043 _afb-----
050 0 0 _aHC800
_b.IMP 1993
245 0 4 _aThe Impact of structural adjustment on the population of Africa :
_bthe implications for education, health, & employment /
_cedited by Aderanti Adepoju.
260 _aLondon :
_bJames Currey ;
_aPortsmouth, NH :
_bHeinemann,
_c1993.
300 _aviii, 148 p. ;
_c25 cm.
504 _aIncludes bibliographical references and index.
651 0 _aAfrica, Sub-Saharan
_xEconomic conditions.
651 0 _aAfrica, Sub-Saharan
_xSocial conditions.
700 1 _aAdepoju, Aderanti.
_eeditor
906 _a7
_bcbc
_corignew
_d1
_eocip
_f19
_gy-gencatlg
942 _2lcc
_cBK
_h800
_iIMP
_kHC